000 00740nam a22002177a 4500
003 DO-SdBNP
005 20220622135815.0
007 ta
008 220621b1999 |||||||| |||| 00| 0 spa d
040 _aDO-SdBNP
_bspa
_cBNPHU
082 4 _aXXX
_222
_bA798p
245 1 0 _aAsambleas de paraje o barrio, instructivo :
_bprograma de fortalecimiento de las provincias de la Región Nordeste /
260 _aSanto Domingo :
_bONAPLAN- BID,
_c1999.
300 _a22 p. :
_bil.:
_c26 cm.
590 _aInventariado, 2022 / SA
650 4 _vAsamblea
_xGuía de planificación
_xTécnica
_981898
_zRegión Nordeste
650 4 _xAsamblea
_vPrograma
_zProvincias Noroeste
_981899
650 4 _x Instructivo
_981901
910 _aSaquino
942 _2ddc
_cLF2
999 _c52083
_d52083